Word to Ladder Word Ladder - Statistics

General Stats
  • This quiz has been taken 483 times
    435 since last reset
  • The average score is 16 of 18
Answer Stats
Hint Answer % Correct
Creative school subject Art
99%
Vehicle used for shopping Cart
99%
Heart, spade, club and diamond Card
98%
Events that have already happened Past
98%
Small projectile typically thrown at boards Dart
97%
Room in a hospital Ward
96%
To play a role in a movie or musical, for example Act
95%
Ctrl+V Paste
95%
A formal agreement Pact
94%
Garbage, trash, etc. Waste
94%
Legible group of letters Word
94%
Makes up roughly 70% of the world Water
93%
The one making minimal use of a product Waster
83%
Tool used to climb Ladder
78%
The one walking in some kind of liquid Wader
75%
The best in their field Master
74%
“World’s best” backwards driving tow-truck Mater
72%
The one turning something into a small ball Wadder
65%
No matching quizzes found
Score Distribution
Percent of People with Each Score
Percentile by Number Answered
Your Score History
You have not taken this quiz since the last reset